Culturas juveniles: teoría, historia y casos
Uloženo v:
| Hlavní autor: | |
|---|---|
| Další autoři: | , , |
| Médium: | Kniha |
| Jazyk: | Spanish |
| Vydáno: |
San José:
FLACSO
2005
|
| Edice: | Cuaderno de Ciencias Sociales
|
| Témata: | |
| On-line přístup: | https://flacso.or.cr/wp-content/uploads/2005/04/ccs_136.pdf |
| Tagy: |
Přidat tag
Žádné tagy, Buďte první, kdo vytvoří štítek k tomuto záznamu!
|
MARC
| LEADER | 00000nam a22000007a 4500 | ||
|---|---|---|---|
| 003 | cru CIDCACS/IIS | ||
| 005 | 20210510014756.0 | ||
| 008 | 210506b2005 CR ||||| |||| 00| 0 spa d | ||
| 022 | |a 1409-3677 | ||
| 040 | |a cru CIDCACS/IIS |c cru CIDCACS/IIS | ||
| 090 | |a REV0229 (136) 2005 | ||
| 100 | 1 | |9 8783 |a Carballo Villagra, Priscilla | |
| 245 | 1 | |a Culturas juveniles: |b teoría, historia y casos | |
| 260 | |a San José: |b FLACSO |c 2005 | ||
| 440 | |9 9960 |a Cuaderno de Ciencias Sociales | ||
| 650 | 0 | |9 126 |a CULTURA | |
| 650 | 0 | |9 4338 |a MUSICA | |
| 650 | 0 | |9 3232 |a JOVENES | |
| 650 | 0 | |9 963 |a FUTBOL | |
| 700 | 1 | |9 7822 |a Rodríguez Aguilar, Onésimo Gerardo | |
| 700 | 1 | |9 9959 |a Castañeda, Mario | |
| 700 | 1 | |9 1042 |a Zúñiga Núñez, Mario | |
| 773 | 0 | |0 19554 |9 5573 |a FLACSO, Costa Rica |d San José, Costa Rica: FLACSO, |o 00488 |t Cuaderno de Ciencias Sociales / |x 14093677 | |
| 856 | |u https://flacso.or.cr/wp-content/uploads/2005/04/ccs_136.pdf | ||
| 942 | |2 ddc |c PP | ||
| 999 | |c 43662 |d 43662 | ||
